[Event "AUTO-MASTER-3211"]
[Site "http://www.queenalice.com/game.php?id=1841202"]
[Date "2024.8.1"]
[Round "2"]
[White "RaulSoft2"]
[Black "Arnoldus"]
[Result "1/2-1/2"]
[WhiteElo "2576"]
[BlackElo "2189"]

1. d4 Nf6 2. c4 e6 3. Nc3 Bb4 4. e3 O-O 5. Bd3 d5 6. a3 Bxc3+ 7. bxc3 dxc4 8.
Bxc4 c5 9. Nf3 Qc7 10. Be2 Qa5 11. Bd2 Ne4 12. Qc1 Nxd2 13. Nxd2 cxd4 14. cxd4
Bd7 15. O-O Bc6 16. Qb2 Nd7 17. Qb4 Qg5 18. Nf3 Qf6 19. Rfc1 Rfc8 20. a4 Qd8 21.
Qd6 Bd5 22. a5 Rc6 23. Rxc6 Bxc6 24. a6 Qf8 25. Qxf8+ Kxf8 26. axb7 Bxb7 27. Ra4
a5 28. Kf1 Bc6 29. Ra3 a4 30. Bd3 f5 31. Ng5 Ke7 32. Nxh7 Rh8 33. Ng5 Rxh2 34.
Nf3 Rh8 35. Ke2 Rb8 36. Bc2 Ra8 37. d5 Bxd5 38. Rxa4 Bxf3+ 39. gxf3 Rxa4 40.
Bxa4 Nb6 41. Bb3 Kf6 42. f4 Nd7 43. f3 Nc5 44. Bc4 Na4 45. Bb3 Nc3+ 46. Kd3 Nb5
47. Kc4 Nd6+ 48. Kd4 Nb5+ 49. Kc5 Na3 50. Kb4 Nb1 51. Bc4 e5 52. Be2 exf4 53.
exf4 Ke6 54. Kc4 Kd6 55. Kd4 Nd2 56. Kc3 Nb1+ 57. Kb2 Nd2 58. Kc2 Nxf3 59. Bxf3
Ke7 60. Kd3 g6 61. Kd4 Kf6 62. Bc6 g5 63. Ke3 gxf4+ 64. Kxf4 Ke6 65. Ba4 Kd5 66.
Kxf5 Kc4 67. Ke4 Kb4 68. Bc6 Kc5 69. Bd5 Kb4 70. Kd4 Kb5 71. Ba8 Ka4 72. Bd5
1/2-1/2

[Event "AUTO-MASTER-3211"]
[Site "http://www.queenalice.com/game.php?id=1841203"]
[Date "2024.8.1"]
[Round "2"]
[White "Arnoldus"]
[Black "RaulSoft2"]
[Result "1/2-1/2"]
[WhiteElo "2168"]
[BlackElo "2581"]

1. d4 d5 2. c4 e6 3. Nf3 dxc4 4. Qa4+ Nc6 5. Qxc4 Nf6 6. Bg5 Be7 7. Nc3 O-O 8.
e3 h6 9. Bxf6 Bxf6 10. Rd1 Na5 11. Qa4 b6 12. Bd3 Bb7 13. b4 Nc6 14. Be4 Qe8 15.
O-O Be7 16. Ne5 Nxe5 17. Bxb7 Qxa4 18. Nxa4 Rab8 19. Be4 b5 20. Nb2 f5 21. Bc2
Nc6 22. Bb3 Nxb4 23. Bxe6+ Kh7 24. g3 Rb6 25. Bb3 Rd8 26. h4 h5 27. Rc1 c5 28.
dxc5 Rc6 29. a4 a6 30. Rfd1 Rxd1+ 31. Bxd1 Bf6 32. axb5 axb5 33. Rb1 g6 34. Be2
Rxc5 35. Nd3 Nxd3 36. Bxd3 Kg7 37. Bxb5 Rc7 38. Bf1 Ra7 39. Rb5 Bc3 40. Bd3 Rd7
41. Bxf5 gxf5 42. Rxf5 Kg6 43. Rg5+ Kh6 44. Kg2 Ra7 45. Rc5 Bf6 46. Rf5 Ra6 47.
Kh3 Kg6 48. Rf3 Ra4 49. Rf4 Rxf4 50. exf4 Kf5 51. f3 Bc3 52. Kh2 Be1 53. Kh3 Bb4
54. Kh2 Be1 55. Kh3 Bb4 56. Kh2 Bc3 57. Kg2 1/2-1/2

[Event "AUTO-MASTER-3253"]
[Site "http://www.queenalice.com/game.php?id=1852305"]
[Date "2025.2.16"]
[Round "1"]
[White "maurice916"]
[Black "Arnoldus"]
[Result "0-1"]
[WhiteElo "1766"]
[BlackElo "2148"]

1. Nf3 d5 2. b3 Bf5 3. Bb2 e6 4. d3 Nf6 5. Nbd2 h6 6. e4 dxe4 7. Bxf6 gxf6 8.
dxe4 Bg6 9. Bd3 Bb4 10. O-O Qe7 11. Qc1 Ba3 12. Qd1 Nc6 13. Bb5 Qc5 14. Bxc6+
Qxc6 15. Nc4 Rd8 16. Qe2 Bxe4 17. Nxa3 Rg8 18. Kh1 Rxg2 19. Kxg2 Ke7 20. Kg3
Rg8+ 21. Kh4 Bxf3 22. Qe3 Rg4+ 23. Kh3 Qd5 24. Qxh6 Bg2+ 25. Kxg4 Qf3+ 26. Kh4
Qh3# 0-1

[Event "AUTO-MASTER-3253"]
[Site "http://www.queenalice.com/game.php?id=1852306"]
[Date "2025.2.16"]
[Round "1"]
[White "Arnoldus"]
[Black "maurice916"]
[Result "1-0"]
[WhiteElo "2147"]
[BlackElo "1768"]

1. d4 Nf6 2. c4 d5 3. cxd5 Nxd5 4. Nf3 Bf5 5. Nc3 c6 6. Nh4 Bd7 7. e4 Nxc3 8.
bxc3 e6 9. Nf3 c5 10. Rb1 b6 11. Ne5 Bd6 12. Nxd7 Nxd7 13. Qg4 Rg8 14. Bb5 Kf8
15. e5 Be7 16. Qe4 a6 17. Bxd7 Rb8 18. Bc6 cxd4 19. cxd4 b5 20. d5 exd5 21. Bxd5
Bc5 22. O-O Rh8 23. Qf3 h6 24. Qxf7# 1-0

[Event "AUTO-MASTER-3253"]
[Site "http://www.queenalice.com/game.php?id=1852323"]
[Date "2025.2.16"]
[Round "1"]
[White "Arnoldus"]
[Black "Scharlatan"]
[Result "1-0"]
[WhiteElo "2200"]
[BlackElo "2061"]

1. d4 d5 2. Nf3 Nf6 3. c4 e6 4. Bg5 dxc4 5. e4 Be7 6. Nc3 c6 7. Bxc4 O-O 8. O-O
h6 9. Bxf6 Bxf6 10. e5 Be7 11. Qe2 b5 12. Bd3 Bb7 13. Qe4 g6 14. Bxb5 Qb6 15.
Bc4 Kg7 16. b3 Na6 17. Na4 Qc7 18. Rfc1 Rad8 19. Bxa6 Bxa6 20. Nc5 Bxc5 21. Rxc5
Rd5 22. Rac1 Bb7 23. Rxd5 exd5 24. Qxd5 Qb6 25. Qd6 Rd8 26. Qf6+ Kg8 27. e6 Rf8
28. e7 Re8 29. Ne5 1-0

[Event "AUTO-MASTER-3253"]
[Site "http://www.queenalice.com/game.php?id=1852324"]
[Date "2025.2.16"]
[Round "1"]
[White "Scharlatan"]
[Black "Arnoldus"]
[Result "0-1"]
[WhiteElo "2039"]
[BlackElo "2208"]

1. d4 Nf6 2. Nc3 d5 3. Bf4 c5 4. e3 cxd4 5. exd4 Bg4 6. f3 Bd7 7. Bd3 Qb6 8.
Nge2 Nc6 9. Na4 Qa5+ 10. Nac3 e6 11. a3 Qb6 12. O-O Nxd4 13. Kh1 Nxe2 14. Nxe2
Bd6 15. Qd2 Bxf4 16. Qxf4 Bb5 17. Bxb5+ Qxb5 18. Nd4 Qb6 19. Rae1 O-O 20. b3
Rac8 21. g4 Qc5 22. b4 Qc3 23. Re3 Qd2 24. Qe5 Nd7 25. Re2 Nxe5 26. Rxd2 Rc4 27.
h3 g5 28. Kg2 Rfc8 29. f4 gxf4 30. Rxf4 Rc3 31. a4 R8c4 0-1

[Event "AUTO-BEG-687"]
[Site "http://www.queenalice.com/game.php?id=1855486"]
[Date "2025.4.13"]
[Round "2"]
[White "Arnoldus"]
[Black "johnew"]
[Result "1-0"]
[WhiteElo "2149"]
[BlackElo "2035"]

1. d4 Nf6 2. c4 e6 3. Nf3 Bb4+ 4. Nbd2 O-O 5. a3 Be7 6. e4 d5 7. e5 Nfd7 8. Bd3
c5 9. h4 Nc6 10. Bxh7+ Kh8 11. Ng5 Bxg5 12. hxg5 Qxg5 13. Nb3 1-0

[Event "AUTO-BEG-687"]
[Site "http://www.queenalice.com/game.php?id=1855487"]
[Date "2025.4.13"]
[Round "2"]
[White "johnew"]
[Black "Arnoldus"]
[Result "0-1"]
[WhiteElo "2095"]
[BlackElo "2158"]

1. e4 d5 2. exd5 Qxd5 3. Nc3 Qd8 4. d4 Nf6 5. Nge2 a6 6. Ng3 Nc6 7. Bc4 Qxd4 8.
Qxd4 Nxd4 9. Bd3 e5 10. O-O Be6 11. Nce4 Nxe4 12. Bxe4 f5 13. Bxb7 Rb8 14. c3
Nc2 15. Bc6+ Kf7 16. Rb1 Bxa2 17. Bd5+ Bxd5 18. b4 Be6 19. f4 e4 20. h3 Bc5+ 21.
Kh2 Bb6 22. Rb2 Na3 23. Rd2 Nc4 0-1

[Event "AUTO-MASTER-3253"]
[Site "http://www.queenalice.com/game.php?id=1865934"]
[Date "2025.11.21"]
[Round "2"]
[White "Arnoldus"]
[Black "ricardoaurelio"]
[Result "1-0"]
[WhiteElo "2215"]
[BlackElo "2003"]

1. d4 d5 2. Nf3 Nc6 3. c4 e6 4. a3 Nf6 5. e3 b6 6. cxd5 exd5 7. Bb5 Bd7 8. Qc2
Na5 9. Bxd7+ Qxd7 10. Ne5 Qe6 11. Nd2 Bd6 12. b4 Nb7 13. Qc6+ Ke7 14. Qxb7 Rhc8
15. Bb2 Qf5 16. O-O Qc2 17. Bc1 Qc3 18. Ra2 Bxe5 19. dxe5 Qxe5 20. Bb2 Qd6 21.
Bxf6+ Kxf6 22. Rc2 g6 23. Rc6 1-0